[Event "12th KIIT International 2019"]
[Site "Odisha"]
[Date "2019.06.02"]
[Round "4.14"]
[White "Patil, Pratik"]
[Black "Rahman, Ziaur"]
[Result "1/2-1/2"]
[WhiteElo "2184"]
[BlackElo "2481"]
[Annotator "ChessBase"]
[PlyCount "62"]
[EventDate "2019.01.18"]
[EventType "swiss"]
[EventCountry "IND"]
[SourceTitle "playchess.com"]
[Source "ChessBase"]
[SourceQuality "1"]
[TimeControl "5400+30"]

1. e4 {[%emt 0:00:00]} g6 {[%emt 0:00:27]} 2. d4 {[%emt 0:00:00]} Bg7 {[%emt 0:00:05]} 3. Nc3 {[%emt 0:00:02]} d6 {[%emt 0:00:20]} 4. Nf3 {[%emt 0:01:36]} Nf6 {[%emt 0:00:22]} 5. h3 {[%emt 0:00:19]} O-O {[%emt 0:01:02]} 6. Be3 {[%emt 0:00:20]} a6 {[%emt 0:00:42]} 7. a4 {[%emt 0:00:25]} b6 {[%emt 0:01:13]} 8. Bd3 {[%emt 0:13:02]} Bb7 {[%emt 0:00:31]} 9. O-O {[%emt 0:00:41]} Nbd7 {[%emt 0:00:55]} 10. Re1 {[%emt 0:02:44]} e5 {[%emt 0:03:53]} 11. Qd2 {[%emt 0:09:45]} exd4 {[%emt 0:02:50]} 12. Nxd4 {[%emt 0:03:50]} Nc5 {[%emt 0:06:14]} 13. Bh6 {[%emt 0:03:03]} Re8 {[%emt 0:01:22]} 14. Bxg7 {[%emt 0:05:15]} Kxg7 {[%emt 0:00:18]} 15. f3 {[%emt 0:00:37]} d5 {[%emt 0:09:11]} 16. exd5 {[%emt 0:11:30]} Rxe1+ {[%emt 0:11:57]} 17. Rxe1 {[%emt 0:01:11]} Nxd5 {[%emt 0:02:00]} 18. Bc4 {[%emt 0:12:06]} Nxc3 {[%emt 0:05:06]} 19. Qxc3 {[%emt 0:00:04]} Kg8 {[%emt 0:00:42]} 20. Re5 {[%emt 0:15:15]} Qf6 {[%emt 0:02:16]} 21. Qe3 {[%emt 0:02:40]} Rd8 {[%emt 0:06:06]} 22. c3 {[%emt 0:00:11]} Rf8 {[%emt 0:06:04]} 23. Re7 {[%emt 0:03:30]} Bc8 {[%emt 0:06:18]} 24. Rxf7 {[%emt 0:06:57]} Rxf7 {[%emt 0:00:25]} 25. Qe8+ {[%emt 0:00:02]} Kg7 {[%emt 0:00:05]} 26. Bxf7 {[%emt 0:00:12]} Qxf7 {[%emt 0:01:43]} 27. Qxc8 {[%emt 0:00:06]} Qf4 {[%emt 0:04:05]} 28. Ne6+ {[%emt 0:04:55]} Nxe6 {[%emt 0:00:06]} 29. Qxe6 {[%emt 0:00:04]} Qc1+ {[%emt 0:00:22]} 30. Kh2 {[%emt 0:00:03]} Qf4+ {[%emt 0:00:07]} 31. Kg1 {[%emt 0:00:21]} Qc1+ {[%emt 0:00:05]} 1/2-1/2

[Event "12th KIIT International 2019"]
[Site "Odisha"]
[Date "2019.06.02"]
[Round "4.15"]
[White "Arpita, Mukherjee"]
[Black "Nguyen, Van Huy"]
[Result "1/2-1/2"]
[WhiteElo "2196"]
[BlackElo "2456"]
[Annotator "ChessBase"]
[PlyCount "117"]
[EventDate "2019.01.18"]
[EventType "swiss"]
[EventCountry "IND"]
[SourceTitle "playchess.com"]
[Source "ChessBase"]
[SourceQuality "1"]
[TimeControl "5400+30"]

1. e4 {[%emt 0:00:12]} c6 {[%emt 0:00:00]} 2. d4 {[%emt 0:00:15]} d5 {[%emt 0:00:00]} 3. e5 {[%emt 0:00:11]} Bf5 {[%emt 0:00:00]} 4. Nf3 {[%emt 0:00:15]} e6 {[%emt 0:00:06]} 5. Be2 {[%emt 0:00:10]} Bb4+ {[%emt 0:00:53]} 6. Nbd2 {[%emt 0:00:38]} Nd7 {[%emt 0:00:59]} 7. O-O {[%emt 0:00:34]} Ba5 {[%emt 0:00:54]} 8. Nb3 {[%emt 0:01:11]} Bc7 {[%emt 0:03:35]} 9. c3 {[%emt 0:00:37]} h6 {[%emt 0:03:57]} 10. Ne1 {[%emt 0:00:46]} Ne7 {[%emt 0:01:26]} 11. f4 {[%emt 0:00:52]} Bb6 {[%emt 0:11:09]} 12. a4 {[%emt 0:04:45]} a6 {[%emt 0:02:09]} 13. a5 {[%emt 0:00:47]} Ba7 {[%emt 0:00:10]} 14. Be3 {[%emt 0:10:37]} O-O {[%emt 0:06:55]} 15. Bd3 {[%emt 0:03:29]} f6 {[%emt 0:02:22]} 16. Bf2 {[%emt 0:10:21]} fxe5 {[%emt 0:03:46]} 17. dxe5 {[%emt 0:00:44]} Bxf2+ {[%emt 0:11:10]} 18. Rxf2 {[%emt 0:00:59]} c5 {[%emt 0:05:11]} 19. Bc2 {[%emt 0:11:38]} b5 {[%emt 0:02:48]} 20. g4 {[%emt 0:06:28]} Bxc2 {[%emt 0:01:48]} 21. Qxc2 {[%emt 0:00:13]} Qe8 {[%emt 0:05:16]} 22. Ng2 {[%emt 0:02:05]} Nc6 {[%emt 0:01:00]} 23. Nh4 {[%emt 0:02:33]} c4 {[%emt 0:04:08]} 24. Nd4 {[%emt 0:02:19]} Nc5 {[%emt 0:00:39]} 25. Ng6 {[%emt 0:06:43]} Rf7 {[%emt 0:00:46]} 26. Nxc6 {[%emt 0:01:35]} Qxc6 {[%emt 0:01:54]} 27. Raf1 {[%emt 0:00:18]} Re8 {[%emt 0:04:45]} 28. Rg2 {[%emt 0:01:32]} Nd3 {[%emt 0:01:34]} 29. g5 {[%emt 0:02:02]} Qc5+ {[%emt 0:04:36]} 30. Kh1 {[%emt 0:00:36]} Qe3 {[%emt 0:00:12]} 31. gxh6 {[%emt 0:08:14]} gxh6 {[%emt 0:00:56]} 32. Qd1 {[%emt 0:00:39]} Kh7 {[%emt 0:07:17]} 33. Qh5 {[%emt 0:06:58]} Rg8 {[%emt 0:00:41]} 34. Re2 {[%emt 0:07:32]} Nf2+ {[%emt 0:00:59]} 35. Rexf2 {[%emt 0:00:23]} Rxg6 {[%emt 0:01:03]} 36. Qf3 {[%emt 0:00:07]} Qxf3+ {[%emt 0:01:13]} 37. Rxf3 {[%emt 0:00:05]} Rf5 {[%emt 0:01:35]} 38. Rg3 {[%emt 0:00:21]} Rg7 {[%emt 0:00:59]} 39. Rxg7+ {[%emt 0:03:03]} Kxg7 {[%emt 0:00:03]} 40. Kg2 {[%emt 0:00:01]} Rf8 {[%emt 0:03:23]} 41. Kf3 {[%emt 0:01:06]} b4 {[%emt 0:01:53]} 42. Rg1+ {[%emt 0:00:40]} Kf7 {[%emt 0:00:48]} 43. f5 {[%emt 0:00:29]} exf5 {[%emt 0:01:03]} 44. Kf4 {[%emt 0:00:05]} b3 {[%emt 0:02:06]} 45. h4 {[%emt 0:01:27]} d4 {[%emt 0:02:03]} 46. cxd4 {[%emt 0:02:29]} Rd8 {[%emt 0:00:07]} 47. Kxf5 {[%emt 0:00:28]} Rxd4 {[%emt 0:00:04]} 48. e6+ {[%emt 0:00:49]} Kf8 {[%emt 0:00:11]} 49. h5 {[%emt 0:01:41]} Rd2 {[%emt 0:00:11]} 50. Rg4 {[%emt 0:00:42]} Rxb2 {[%emt 0:03:14]} 51. Rxc4 {[%emt 0:00:06]} Rf2+ {[%emt 0:00:34]} 52. Kg6 {[%emt 0:01:12]} Ke7 {[%emt 0:00:20]} 53. Rb4 {[%emt 0:00:45]} b2 {[%emt 0:01:00]} 54. Rb6 {[%emt 0:00:09]} Rf6+ {[%emt 0:00:14]} 55. Kg7 {[%emt 0:00:05]} Rf5 {[%emt 0:00:25]} 56. Rxb2 {[%emt 0:01:15]} Rxh5 {[%emt 0:00:06]} 57. Rb7+ {[%emt 0:00:17]} Kxe6 {[%emt 0:00:21]} 58. Rb6+ {[%emt 0:00:01]} Kd7 {[%emt 0:00:18]} 59. Rxa6 {[%emt 0:00:04]} 1/2-1/2

[Event "12th KIIT International 2019"]
[Site "Odisha"]
[Date "2019.06.02"]
[Round "4.16"]
[White "Senthil Maran K"]
[Black "Muthaiah AL"]
[Result "0-1"]
[WhiteElo "2187"]
[BlackElo "2427"]
[Annotator "ChessBase"]
[PlyCount "138"]
[EventDate "2019.01.18"]
[EventType "swiss"]
[EventCountry "IND"]
[SourceTitle "playchess.com"]
[Source "ChessBase"]
[SourceQuality "1"]
[TimeControl "5400+30"]

1. Nf3 {[%emt 0:04:53]} Nf6 {[%emt 0:00:36]} 2. d4 {[%emt 0:00:24]} c5 {[%emt 0:00:15]} 3. e3 {[%emt 0:00:09]} cxd4 {[%emt 0:01:38]} 4. exd4 {[%emt 0:00:02]} g6 {[%emt 0:00:52]} 5. c3 {[%emt 0:02:37]} Bg7 {[%emt 0:00:36]} 6. Bf4 {[%emt 0:00:18]} O-O {[%emt 0:00:37]} 7. Bd3 {[%emt 0:00:53]} d6 {[%emt 0:02:21]} 8. O-O {[%emt 0:02:34]} Nc6 {[%emt 0:00:30]} 9. Re1 {[%emt 0:02:41]} Nh5 {[%emt 0:09:23]} 10. Bg5 {[%emt 0:04:10]} h6 {[%emt 0:01:31]} 11. Bh4 {[%emt 0:00:03]} Nf4 {[%emt 0:03:37]} 12. Bc4 {[%emt 0:03:20]} d5 {[%emt 0:08:52]} 13. Bf1 {[%emt 0:07:05]} g5 {[%emt 0:02:06]} 14. Bg3 {[%emt 0:00:23]} Ng6 {[%emt 0:00:45]} 15. Na3 {[%emt 0:05:56]} f5 {[%emt 0:12:19]} 16. Be5 {[%emt 0:01:57]} Ngxe5 {[%emt 0:06:59]} 17. Nxe5 {[%emt 0:00:28]} Nxe5 {[%emt 0:02:11]} 18. dxe5 {[%emt 0:00:03]} a6 {[%emt 0:00:24]} 19. Qd4 {[%emt 0:03:18]} e6 {[%emt 0:04:04]} 20. c4 {[%emt 0:10:22]} dxc4 {[%emt 0:00:28]} 21. Qxc4 {[%emt 0:02:57]} b5 {[%emt 0:01:21]} 22. Qc6 {[%emt 0:06:32]} Bd7 {[%emt 0:03:40]} 23. Qd6 {[%emt 0:01:29]} Rf7 {[%emt 0:04:23]} 24. Rac1 {[%emt 0:06:40]} Qb8 {[%emt 0:01:37]} 25. Qd4 {[%emt 0:12:23]} Qa7 {[%emt 0:02:51]} 26. Qd2 {[%emt 0:00:02]} Rc8 {[%emt 0:04:33]} 27. Rxc8+ {[%emt 0:05:38]} Bxc8 {[%emt 0:00:38]} 28. Nc2 {[%emt 0:00:22]} Rd7 {[%emt 0:03:01]} 29. Qe2 {[%emt 0:00:42]} Rd5 {[%emt 0:02:58]} 30. Qh5 {[%emt 0:07:08]} Qf7 {[%emt 0:00:21]} 31. Qh3 {[%emt 0:00:25]} Qc7 {[%emt 0:02:30]} 32. Ne3 {[%emt 0:02:58]} Rd2 {[%emt 0:03:08]} 33. Nd1 {[%emt 0:07:38]} Qc5 {[%emt 0:02:36]} 34. Qh5 {[%emt 0:00:00]} Bd7 {[%emt 0:00:43]} 35. h3 {[%emt 0:00:00]} Qd4 {[%emt 0:03:13]} 36. Qf3 {[%emt 0:00:00]} Bxe5 {[%emt 0:00:57]} 37. Ne3 {[%emt 0:00:23]} Qf4 {[%emt 0:01:18]} 38. Qxf4 {[%emt 0:01:12]} Bxf4 {[%emt 0:00:15]} 39. Nd1 {[%emt 0:00:38]} Kg7 {[%emt 0:00:51]} 40. g3 {[%emt 0:00:10]} Bd6 {[%emt 0:00:26]} 41. Ne3 {[%emt 0:00:34]} Bc5 {[%emt 0:00:37]} 42. Re2 {[%emt 0:00:18]} Rxe2 {[%emt 0:00:54]} 43. Bxe2 {[%emt 0:00:01]} Bc6 {[%emt 0:00:37]} 44. Bd3 {[%emt 0:00:33]} Kf6 {[%emt 0:00:42]} 45. Kf1 {[%emt 0:00:07]} Ke5 {[%emt 0:02:15]} 46. Ke2 {[%emt 0:00:11]} Bxe3 {[%emt 0:00:14]} 47. Kxe3 {[%emt 0:00:19]} f4+ {[%emt 0:00:08]} 48. gxf4+ {[%emt 0:01:09]} gxf4+ {[%emt 0:00:01]} 49. Kd2 {[%emt 0:00:12]} Kd4 {[%emt 0:00:19]} 50. Be2 {[%emt 0:00:54]} a5 {[%emt 0:00:36]} 51. a3 {[%emt 0:00:25]} b4 {[%emt 0:00:37]} 52. axb4 {[%emt 0:00:31]} axb4 {[%emt 0:00:00]} 53. Bg4 {[%emt 0:00:14]} e5 {[%emt 0:02:00]} 54. h4 {[%emt 0:00:55]} e4 {[%emt 0:00:24]} 55. Bf5 {[%emt 0:01:00]} Bb5 {[%emt 0:00:15]} 56. Bg6 {[%emt 0:00:25]} Bd7 {[%emt 0:00:12]} 57. Bh7 {[%emt 0:00:26]} Bg4 {[%emt 0:00:35]} 58. Bg8 {[%emt 0:01:07]} Bf3 {[%emt 0:00:24]} 59. Bf7 {[%emt 0:00:17]} e3+ {[%emt 0:00:29]} 60. Ke1 {[%emt 0:00:48]} Kd3 {[%emt 0:00:41]} 61. Bg6+ {[%emt 0:00:03]} Be4 {[%emt 0:00:28]} 62. h5 {[%emt 0:00:19]} Kd4 {[%emt 0:01:07]} 63. Bf7 {[%emt 0:00:25]} Bf3 {[%emt 0:00:21]} 64. Be8 {[%emt 0:00:47]} Ke5 {[%emt 0:00:10]} 65. fxe3 {[%emt 0:00:32]} fxe3 {[%emt 0:00:03]} 66. Kf1 {[%emt 0:00:50]} Kf4 {[%emt 0:00:19]} 67. Bf7 {[%emt 0:00:20]} Kg5 {[%emt 0:00:13]} 68. Kg1 {[%emt 0:00:39]} Bxh5 {[%emt 0:00:14]} 69. Bc4 {[%emt 0:00:05]} Bf3 {[%emt 0:00:14]} 0-1

[Event "12th KIIT International 2019"]
[Site "Odisha"]
[Date "2019.06.02"]
[Round "4.17"]
[White "Manik, Mikulas"]
[Black "Srihari L R"]
[Result "1-0"]
[WhiteElo "2399"]
[BlackElo "2214"]
[Annotator "ChessBase"]
[PlyCount "93"]
[EventDate "2019.01.18"]
[EventType "swiss"]
[EventCountry "IND"]
[SourceTitle "playchess.com"]
[Source "ChessBase"]
[SourceQuality "1"]
[TimeControl "5400+30"]

1. e4 {[%emt 0:00:00]} g6 {[%emt 0:00:00]} 2. d4 {[%emt 0:00:00]} Bg7 {[%emt 0:00:06]} 3. Nc3 {[%emt 0:00:00]} d6 {[%emt 0:00:16]} 4. Be3 {[%emt 0:00:00]} a6 {[%emt 0:04:09]} 5. f4 {[%emt 0:02:56]} e6 {[%emt 0:05:24]} 6. Nf3 {[%emt 0:01:37]} Ne7 {[%emt 0:00:23]} 7. Bd3 {[%emt 0:11:35]} Nd7 {[%emt 0:08:30]} 8. e5 {[%emt 0:00:55]} b6 {[%emt 0:18:29]} 9. Ne4 {[%emt 0:04:02]} d5 {[%emt 0:06:29]} 10. Nf2 {[%emt 0:00:34]} h5 {[%emt 0:01:26]} 11. Qe2 {[%emt 0:03:11]} Bb7 {[%emt 0:03:35]} 12. g3 {[%emt 0:00:52]} c5 {[%emt 0:00:33]} 13. c3 {[%emt 0:01:37]} Qc7 {[%emt 0:04:02]} 14. h3 {[%emt 0:01:48]} c4 {[%emt 0:03:51]} 15. Bc2 {[%emt 0:04:37]} Nf5 {[%emt 0:02:53]} 16. Rg1 {[%emt 0:00:48]} Nxe3 {[%emt 0:02:17]} 17. Qxe3 {[%emt 0:00:02]} b5 {[%emt 0:08:38]} 18. g4 {[%emt 0:02:55]} O-O-O {[%emt 0:03:43]} 19. Ng5 {[%emt 0:02:57]} Nf8 {[%emt 0:07:39]} 20. b4 {[%emt 0:16:34]} hxg4 {[%emt 0:10:05]} 21. hxg4 {[%emt 0:07:24]} Kb8 {[%emt 0:02:49]} 22. a4 {[%emt 0:04:34]} Nh7 {[%emt 0:02:01]} 23. axb5 {[%emt 0:01:53]} axb5 {[%emt 0:00:17]} 24. Nf3 {[%emt 0:00:32]} Nf8 {[%emt 0:02:37]} 25. Ke2 {[%emt 0:07:55]} Nd7 {[%emt 0:00:39]} 26. Ng5 {[%emt 0:00:44]} Nb6 {[%emt 0:00:28]} 27. Ra5 {[%emt 0:07:38]} Qd7 {[%emt 0:01:36]} 28. f5 {[%emt 0:01:46]} gxf5 {[%emt 0:00:07]} 29. gxf5 {[%emt 0:00:02]} Bh6 {[%emt 0:00:31]} 30. Rh1 {[%emt 0:04:28]} Bxg5 {[%emt 0:00:51]} 31. Qxg5 {[%emt 0:00:03]} Rxh1 {[%emt 0:00:11]} 32. Nxh1 {[%emt 0:00:03]} Rh8 {[%emt 0:00:34]} 33. Nf2 {[%emt 0:00:34]} Bc6 {[%emt 0:00:34]} 34. Qg7 {[%emt 0:00:45]} Rc8 {[%emt 0:00:36]} 35. f6 {[%emt 0:00:31]} Qc7 {[%emt 0:00:37]} 36. Ng4 {[%emt 0:00:29]} Be8 {[%emt 0:00:13]} 37. Nh6 {[%emt 0:00:49]} Qd7 {[%emt 0:00:50]} 38. Kd2 {[%emt 0:02:42]} Rc7 {[%emt 0:00:25]} 39. Bh7 {[%emt 0:01:29]} Kb7 {[%emt 0:00:35]} 40. Bg8 {[%emt 0:00:42]} Nc8 {[%emt 0:00:30]} 41. Ke3 {[%emt 0:01:21]} Nb6 {[%emt 0:00:15]} 42. Kd2 {[%emt 0:00:22]} Nc8 {[%emt 0:00:17]} 43. Qf8 {[%emt 0:02:09]} Kb8 {[%emt 0:00:43]} 44. Ra1 {[%emt 0:01:12]} Na7 {[%emt 0:00:43]} 45. Bxf7 {[%emt 0:01:28]} Rc8 {[%emt 0:00:26]} 46. Bxe8 {[%emt 0:00:19]} Rxe8 {[%emt 0:00:05]} 47. Qg7 {[%emt 0:00:06]} 1-0

[Event "12th KIIT International 2019"]
[Site "Odisha"]
[Date "2019.06.02"]
[Round "4.18"]
[White "Hegde, Ravi Gopal"]
[Black "Gusain, Himal"]
[Result "1/2-1/2"]
[WhiteElo "2096"]
[BlackElo "2404"]
[Annotator "ChessBase"]
[PlyCount "82"]
[EventDate "2019.01.18"]
[EventType "swiss"]
[EventCountry "IND"]
[SourceTitle "playchess.com"]
[Source "ChessBase"]
[SourceQuality "1"]
[TimeControl "5400+30"]

1. Nf3 {[%emt 0:00:00]} f5 {[%emt 0:00:00]} 2. g3 {[%emt 0:00:00]} Nf6 {[%emt 0:00:02]} 3. Bg2 {[%emt 0:00:00]} d6 {[%emt 0:00:07]} 4. d4 {[%emt 0:00:02]} g6 {[%emt 0:00:06]} 5. O-O {[%emt 0:00:50]} Bg7 {[%emt 0:00:05]} 6. b3 {[%emt 0:00:17]} O-O {[%emt 0:00:13]} 7. Bb2 {[%emt 0:00:06]} Ne4 {[%emt 0:00:17]} 8. Nbd2 {[%emt 0:01:45]} d5 {[%emt 0:02:58]} 9. c4 {[%emt 0:00:18]} Be6 {[%emt 0:04:38]} 10. cxd5 {[%emt 0:04:07]} Bxd5 {[%emt 0:03:38]} 11. e3 {[%emt 0:10:20]} Nc6 {[%emt 0:04:36]} 12. Nxe4 {[%emt 0:03:46]} Bxe4 {[%emt 0:00:11]} 13. Qe2 {[%emt 0:01:05]} e6 {[%emt 0:03:38]} 14. Rfd1 {[%emt 0:00:29]} Qe7 {[%emt 0:00:34]} 15. Ne1 {[%emt 0:03:40]} Bxg2 {[%emt 0:01:40]} 16. Kxg2 {[%emt 0:00:08]} e5 {[%emt 0:01:58]} 17. dxe5 {[%emt 0:01:42]} Nxe5 {[%emt 0:00:06]} 18. Rac1 {[%emt 0:00:18]} c6 {[%emt 0:04:05]} 19. Rc2 {[%emt 0:00:44]} Rad8 {[%emt 0:02:08]} 20. Rcd2 {[%emt 0:04:22]} Nf7 {[%emt 0:00:56]} 21. Bxg7 {[%emt 0:00:34]} Kxg7 {[%emt 0:00:05]} 22. Nf3 {[%emt 0:01:09]} c5 {[%emt 0:01:28]} 23. Qc4 {[%emt 0:01:25]} b6 {[%emt 0:00:27]} 24. h4 {[%emt 0:04:49]} h6 {[%emt 0:03:14]} 25. Kf1 {[%emt 0:10:50]} Qf6 {[%emt 0:01:28]} 26. Rd7 {[%emt 0:02:03]} a5 {[%emt 0:00:51]} 27. R1d5 {[%emt 0:03:19]} Rfe8 {[%emt 0:07:47]} 28. a4 {[%emt 0:02:54]} Rxd7 {[%emt 0:00:46]} 29. Rxd7 {[%emt 0:00:20]} Re7 {[%emt 0:00:04]} 30. Rd5 {[%emt 0:03:08]} Nd6 {[%emt 0:02:57]} 31. Qd3 {[%emt 0:00:46]} Ne4 {[%emt 0:00:06]} 32. Nd2 {[%emt 0:00:26]} Qb2 {[%emt 0:11:48]} 33. Nxe4 {[%emt 0:03:29]} fxe4 {[%emt 0:00:05]} 34. Qd1 {[%emt 0:00:14]} Rf7 {[%emt 0:02:11]} 35. Rd2 {[%emt 0:00:09]} Qf6 {[%emt 0:00:31]} 36. Kg1 {[%emt 0:01:12]} h5 {[%emt 0:01:34]} 37. Qc2 {[%emt 0:00:50]} Qf5 {[%emt 0:00:37]} 38. Qc3+ {[%emt 0:00:18]} Kh7 {[%emt 0:00:18]} 39. Qc4 {[%emt 0:01:00]} Kg7 {[%emt 0:00:30]} 40. Qc3+ {[%emt 0:01:38]} Kh7 {[%emt 0:00:46]} 41. Qc4 {[%emt 0:01:44]} Kg7 {[%emt 0:00:11]} 1/2-1/2

[Event "12th KIIT International 2019"]
[Site "Odisha"]
[Date "2019.06.02"]
[Round "4.19"]
[White "Rakesh, Kumar Nayak"]
[Black "Manush Shah"]
[Result "0-1"]
[WhiteElo "2026"]
[BlackElo "2385"]
[Annotator "ChessBase"]
[PlyCount "98"]
[EventDate "2019.01.18"]
[EventType "swiss"]
[EventCountry "IND"]
[SourceTitle "playchess.com"]
[Source "ChessBase"]
[SourceQuality "1"]
[TimeControl "5400+30"]

1. e4 {[%emt 0:02:42]} c6 {[%emt 0:00:00]} 2. d4 {[%emt 0:00:02]} d5 {[%emt 0:00:00]} 3. exd5 {[%emt 0:00:08]} cxd5 {[%emt 0:00:00]} 4. Bd3 {[%emt 0:00:08]} Nc6 {[%emt 0:00:00]} 5. c3 {[%emt 0:00:03]} Qc7 {[%emt 0:00:00]} 6. h3 {[%emt 0:01:42]} Nf6 {[%emt 0:00:52]} 7. Nf3 {[%emt 0:00:11]} g6 {[%emt 0:01:14]} 8. Bg5 {[%emt 0:00:52]} Bg7 {[%emt 0:00:22]} 9. O-O {[%emt 0:00:28]} h6 {[%emt 0:06:01]} 10. Bxf6 {[%emt 0:02:44]} Bxf6 {[%emt 0:00:29]} 11. Re1 {[%emt 0:00:14]} g5 {[%emt 0:04:54]} 12. Ne5 {[%emt 0:10:20]} Nxe5 {[%emt 0:11:35]} 13. dxe5 {[%emt 0:00:02]} Bxe5 {[%emt 0:00:26]} 14. Bb5+ {[%emt 0:00:11]} Kf8 {[%emt 0:00:08]} 15. Qxd5 {[%emt 0:00:06]} Bf6 {[%emt 0:01:01]} 16. Bc4 {[%emt 0:06:50]} e6 {[%emt 0:01:08]} 17. Qf3 {[%emt 0:00:44]} Kg7 {[%emt 0:00:33]} 18. Nd2 {[%emt 0:00:45]} Bd7 {[%emt 0:01:50]} 19. Bd3 {[%emt 0:06:02]} Bc6 {[%emt 0:08:16]} 20. Be4 {[%emt 0:00:37]} Rad8 {[%emt 0:00:36]} 21. Bxc6 {[%emt 0:00:35]} Rxd2 {[%emt 0:00:54]} 22. Bxb7 {[%emt 0:05:36]} Rb8 {[%emt 0:01:19]} 23. Qe3 {[%emt 0:20:04]} Rxb2 {[%emt 0:00:42]} 24. Be4 {[%emt 0:05:18]} Qxc3 {[%emt 0:01:03]} 25. Rab1 {[%emt 0:23:18]} Qc4 {[%emt 0:08:55]} 26. Rbc1 {[%emt 0:08:19]} Qa4 {[%emt 0:07:44]} 27. Rcd1 {[%emt 0:04:38]} R8b4 {[%emt 0:02:36]} 28. Bb1 {[%emt 0:00:44]} Bd4 {[%emt 0:13:21]} 29. Qd3 {[%emt 0:00:16]} Bxf2+ {[%emt 0:00:55]} 30. Kh1 {[%emt 0:00:03]} Rxb1 {[%emt 0:00:51]} 31. Rxb1 {[%emt 0:00:17]} Bxe1 {[%emt 0:00:02]} 32. Rxe1 {[%emt 0:00:07]} Rd4 {[%emt 0:01:32]} 33. Qe3 {[%emt 0:00:16]} Rd1 {[%emt 0:01:03]} 34. Qe5+ {[%emt 0:01:35]} Kh7 {[%emt 0:00:14]} 35. Rxd1 {[%emt 0:00:38]} Qxd1+ {[%emt 0:00:01]} 36. Kh2 {[%emt 0:00:01]} Qa4 {[%emt 0:00:57]} 37. Qb2 {[%emt 0:00:33]} a5 {[%emt 0:00:36]} 38. Kh1 {[%emt 0:00:25]} Qe4 {[%emt 0:01:50]} 39. Qf2 {[%emt 0:00:50]} Qf4 {[%emt 0:00:20]} 40. Qc2+ {[%emt 0:00:18]} Qf5 {[%emt 0:00:05]} 41. Qc4 {[%emt 0:00:18]} h5 {[%emt 0:02:14]} 42. a4 {[%emt 0:00:19]} g4 {[%emt 0:00:33]} 43. hxg4 {[%emt 0:00:27]} hxg4 {[%emt 0:00:21]} 44. Qc7 {[%emt 0:00:47]} Kg6 {[%emt 0:00:35]} 45. Kh2 {[%emt 0:00:42]} f6 {[%emt 0:00:49]} 46. Kg3 {[%emt 0:00:44]} e5 {[%emt 0:01:49]} 47. Qc6 {[%emt 0:00:50]} Qf4+ {[%emt 0:01:03]} 48. Kh4 {[%emt 0:00:01]} g3+ {[%emt 0:01:26]} 49. Kh3 {[%emt 0:00:01]} Kg5 {[%emt 0:00:36]} 0-1

[Event "12th KIIT International 2019"]
[Site "Odisha"]
[Date "2019.06.03"]
[Round "5.1"]
[White "Amonatov, Farrukh"]
[Black "Laxman, R.R."]
[Result "1-0"]
[WhiteElo "2624"]
[BlackElo "2437"]
[Annotator "TA"]
[PlyCount "67"]
[EventDate "2019.05.31"]
[EventType "swiss"]
[EventCountry "IND"]
[SourceTitle "playchess.com"]
[Source "ChessBase"]
[SourceQuality "1"]

{[%evp 18,67,33,12,31,36,41,42,57,54,42,13,0,0,0,9,39,4,4,4,4,4,4,6,20,20,20,20,20,20,18,15,32,33,77,76,77,67,86,80,76,87,240,229,350,340,177,323,845,493,862,761]} 1. e4 e5 2. Nf3 Nc6 3. Bc4 Bc5 4. c3 Nf6 5. d3 a6 6. O-O Ba7 7. a4 O-O 8. Re1 d6 9. h3 Ne7 10. Nbd2 {[%cal Bb1d2,Bd2f1,Bf1g3][%mdl 32]} a5 {C54: Giuoco Piano: 4 c3 Nf6, main lines with 5 d4 and 5 d3} 11. Nf1 Ng6 12. Ng3 c6 {White is slightly better.} 13. Bb3 d5 14. exd5 Nxd5 15. d4 exd4 16. Nxd4 {[#]} Ndf4 $146 ({Predecessor:} 16... h6 17. Nb5 Bb8 18. Bxd5 cxd5 {1-0 (42) Adams,M (2693)-Howell,D (2698) England 2019}) 17. Qf3 (17. Bxf4 $5 Nxf4 18. Qf3 $14) 17... Bxd4 18. Bxf4 Be6 $1 19. Bc2 Nxf4 20. Qxf4 Bf6 21. Rad1 Qb8 22. Qf3 Rd8 23. Nh5 $40 {[%mdl 128] Black needs to defend precisely.} Bg5 $1 24. h4 Rxd1 25. Rxd1 Be7 26. Qe4 g6 27. Nf4 Bf5 28. Qxe7 Bxc2 {[#]} 29. Rd4 $1 h5 $2 {[#]} (29... h6 $16) 30. Qg5 $1 $18 {Strongly threatening Nxh5.} Qe8 (30... f6 $142 31. Qxf6 Qf8) 31. Nxh5 $1 {Nf6+ is the strong threat.} Qe1+ 32. Kh2 Qxf2 $2 (32... Qe6 33. g4 Kh7) 33. Nf6+ Kg7 (33... Kf8 $142 34. Nd7+ Kg8) 34. Ng4 {Accuracy: White = 83%, Black = 31%.} 1-0